000 00629nam a2200193Ia 4500
005 20260114185614.0
008 008 260114s9999 xx 000 0 eng d
020 _a9781350988200
037 _aEBOOK
040 _aCRL
_beng
_cCRL
041 _aeng
_2eng
084 _qCRL
100 _aRoman Krakovsky
_9872122
245 0 _aState and Society in Communist Czechoslovakia Transforming the Everyday from WWII to the Fall of the Berlin Wall
260 _bBloomsbury
_c2018
856 _uhttps://doi.org/10.5040/9781350988200?locatt=label:secondary_bloomsburyCollections
942 _cEBOOK
999 _c1471070
_d1471070